| 000 | 01210nam a22002895a 4500 | ||
|---|---|---|---|
| 008 | 160807r20122003enka|||frdb|| 001 0 eng d | ||
| 020 | _a0748617051 | ||
| 020 | _a9780748617050 | ||
| 040 |
_aEG-ScBUE _beng _cEG-ScBUE |
||
| 082 | 0 | 4 |
_222 _a415 _bBAU |
| 100 | 1 |
_940674 _aBauer, Laurie, _d1949- |
|
| 245 |
_aIntroducing linguistic morphology / _cLaurie Bauer |
||
| 250 | _a2nd ed. | ||
| 260 |
_aEdinburgh : _bEdinburgh University Press, _c2012. |
||
| 300 |
_ax, 366 p. : _bill. ; _c22 cm. |
||
| 500 | _aReprint of the 2003 ed. | ||
| 500 | _aIndex : p. 359-366. | ||
| 500 | _aGlossary ; p. 324-344. | ||
| 504 | _aBibliography : p. 345-358. | ||
| 520 | _aOffers introductions to linguistic morphology - the study and description of word formations in languages - that deals with inflection, derivation, and compounding, the system of word-forming elements and processes in a language. | ||
| 650 | 7 |
_2BUEsh _940369 _aGrammar, Comparative and general _xMorphology. |
|
| 650 | 7 |
_940675 _aGrammar, Comparative and general _xMorphosyntax. |
|
| 650 | 7 |
_940676 _aGrammar, Comparative and general _vProblems, exercises, etc. |
|
| 651 | _2BUEsh | ||
| 653 |
_bEEENG _cAugust 2016 |
||
| 942 |
_2ddc _e22 _k415 BAU |
||
| 999 |
_c22123 _d22095 |
||